00705nam a22001697a 4500003000900000005001700009008004100026020001800067040002500085082001400110245010000124260003300224300003000257500016000287700002500447710006300472DO-SdBNP20250221073755.0100407s2015 dr d 000 0 spa d a9789945898484 aDO-SdBNPbspacBNPHU axxxbxxxx00aPerfiles estadísticos provinciales : bprovincia Puerto Plata /cpresentación Pablo Tactuk. aSanto Domingo :bONE,c2015. a32 p. :bdiagr. ;c28 cm. aEsta publicación cuenta con el apoyo del Fondo de las Naciones Unidas para la infancia (UNICEF) y el Fondo de Población de las Naciones Unidas (UNFPA). aTactuk, Pabloepres.1 aRepública Dominicana.bOficina Nacional de Estadística